Statistics for Jeremy Strong Filmography

Click here to take the quiz!

General Stats

  • This quiz has been taken 5 times
    (2 since last reset)
  • The average score is 3 of 40

Answer Stats

TypeYearName% Correct
TV Show2018-2023Succession
100%
Film2020The Trial of the Chicago 7
100%
Film2008Humboldt County
50%
Film2017Molly's Game
50%
Theater2008A Man for All Seasons
0%
Theater2012A Month in the Country
0%
Film2022Armageddon Time
0%
Film2015Black Mass
0%
Commercial2016Cadillac
0%
Film2009Contact High
0%
Theater2005-2006Defiance
0%
Film2017Detroit
0%
Theater2006Frank's Home
0%
Theater2004Haroun and the Sea of Stories
0%
Film2009Kill Daddy Good Night
0%
Film2012Lincoln
0%
Short Film2011Love Is Like Life But Longer
0%
TV Show2016Masters of Sex
0%
TV Show2013Mob City
0%
Theater2007New Jerusalem
0%
Theater2009Our House
0%
Film2013Parkland
0%
Short Film2012Please, Alfonso
0%
Film2012Robot & Frank
0%
Film2012See Girl Run
0%
Film2014Selma
0%
Film2019Serenity
0%
Film2015The Big Short
0%
Theater2010The Coward
0%
Film2019The Gentlemen
0%
TV Show2011-2013The Good Wife
0%
Theater2012The Great God Pan
0%
Theater2011The Hallway Trilogy
0%
Film2008The Happening
0%
Film2014The Judge
0%
Film2009The Messenger
0%
Film2010The Romantics
0%
Film2014Time Out of Mind
0%
Short Film2010Yes
0%
Film2012Zero Dark Thirty
0%

Score Distribution

Percentile by Number Answered

Percent of People with Each Score

Your Score History

You have not taken this quiz since the last reset